synthesis and characterization of spinel Ferrites for the Heavy Metal Detection in Liquid Crystal Based Sensor / (Record no. 534596)

000 -LEADER
fixed length control field 00586nam a22001577a 4500
020 ## - INTERNATIONAL STANDARD BOOK NUMBER
Qualifying information Hard Cover.
082 ## - DEWEY DECIMAL CLASSIFICATION NUMBER
Classification number 620.5
100 ## - MAIN ENTRY--PERSONAL NAME
Personal name Zaidi, Syeda Saman Zehra
245 ## - TITLE STATEMENT
Title synthesis and characterization of spinel Ferrites for the Heavy Metal Detection in Liquid Crystal Based Sensor /
Statement of responsibility, etc. Syeda Saman Zehra Zaidi.
260 ## - PUBLICATION, DISTRIBUTION, ETC.
Place of publication, distribution, etc. Islamabad:
Name of publisher, distributor, etc. SCME - NUST,
Date of publication, distribution, etc. 2017.
300 ## - PHYSICAL DESCRIPTION
Extent 51 p. :
Other physical details ill. ;
Dimensions 30cm.
942 ## - ADDED ENTRY ELEMENTS (KOHA)
Source of classification or shelving scheme
Koha item type Thesis
650 ## - SUBJECT ADDED ENTRY--TOPICAL TERM
Topical term or geographic name entry element Nano Scinece and Engineering MS-Thesis.
700 ## - ADDED ENTRY--PERSONAL NAME
Personal name Dr. Iftikhar Hussain Gul
650 ## - SUBJECT ADDED ENTRY--TOPICAL TERM
-- 28812
700 ## - ADDED ENTRY--PERSONAL NAME
-- 16197
Holdings
Withdrawn status Lost status Source of classification or shelving scheme Damaged status Not for loan Permanent Location Current Location Shelving location Date acquired Total Checkouts Full call number Barcode Date last seen Price effective from Koha item type
          Central Library (CL) Central Library (CL) Thesis 03/05/2020   620.5 CL-T-5345 03/05/2020 03/05/2020 Thesis
© 2023 Central Library, National University of Sciences and Technology. All Rights Reserved.